00377nam a2200121Ia 45000010005000000080041000050820026000461000018000722450098000902600024001889010026002129990017002381604241024s9999 xx 000 0 und d a[*SIN CLASIFICACION*] aBANCO MUNDIAL 0aUna experiencia exitosa que contribuye a mejorar la calidad de la educacion en America Latina bPeru, Banco Mundial a5/7/2011 2:46:33 p.m. c12300d12300